Statistics for The Twilight Zone Original Series

Click here to take the quiz!

General Stats

  • This quiz has been taken 139 times
  • The average score is 8 of 10

Answer Stats

HintAnswer% Correct
The ___ Of The BeholderEye
100%
Nightmare At ___ Feet20,000
95%
___ Enough At LastTime
92%
A ___ At WilloughbyStop
89%
Third From The ___Sun
88%
The After ___Hours
86%
It's A ___ LifeGood
81%
Will The Real ___ Please Stand Up?Martian
81%
I Sing The ___ ElectricBody
75%
The Bewitchin' ___Pool
63%

Score Distribution

Percentile by Number Answered

Percent of People with Each Score

Your Score History

You have not taken this quiz